000
00273nam a2200121Ia 4500
005
20251222142009.0
008
251222s9999||||xx |||||||||||||| ||spa||
082
_a
869.560.1/S17
100
_a
Salvador, Julio Fabian
245
0
_a
Eigen
264
_b
Farfalla
942
_c
LIB
999
_c
10272
_d
10272